000 00868nam a22002057a 4500
999 _c20774
_d20774
005 20200130112248.0
008 200130b xxu||||| |||| 00| 0 spa d
040 _aCO-BoIAVH
_cCO-BoIAVH
041 _aspa
044 _ack
110 _aParques Nacionales Naturales de Colombia
245 _aParque Nacional Natural Tatamá
_cParques Nacionales Naturales de Colombia
260 _as.l:
_bParques Nacionales Naturales de Colombia,
_bEmbajada Real de los Países Bajos,
_bCorporación para la protección ambiental, cultural y el ordenamiento territorial,
_cs.f.
300 _a51 páginas,
_bIlustraciones, mapas y tablas
_c20.8 x 21 cm
504 _aBibliografía (página 51)
650 0 _aParque nacional natural
_xTatamá
650 0 _aConservación de los recursos naturales
651 0 _aCordillera ocidental
942 _2z
_cFolleto